<?xml version="1.0" encoding="UTF-8"?><?xml-stylesheet type="text/xsl" href="static/style.xsl"?><OAI-PMH xmlns="http://www.openarchives.org/OAI/2.0/" xmlns:xsi="http://www.w3.org/2001/XMLSchema-instance" xsi:schemaLocation="http://www.openarchives.org/OAI/2.0/ http://www.openarchives.org/OAI/2.0/OAI-PMH.xsd"><responseDate>2026-04-19T10:13:06Z</responseDate><request verb="GetRecord" identifier="oai:riubu.ubu.es:10259/6489" metadataPrefix="marc">https://riubu.ubu.es/oai/request</request><GetRecord><record><header><identifier>oai:riubu.ubu.es:10259/6489</identifier><datestamp>2023-02-06T11:11:18Z</datestamp><setSpec>com_10259_7354</setSpec><setSpec>com_10259_7353</setSpec><setSpec>com_10259_2604</setSpec><setSpec>col_10259_7383</setSpec></header><metadata><record xmlns="http://www.loc.gov/MARC21/slim" xmlns:doc="http://www.lyncode.com/xoai" xmlns:xsi="http://www.w3.org/2001/XMLSchema-instance" xmlns:dcterms="http://purl.org/dc/terms/" xsi:schemaLocation="http://www.loc.gov/MARC21/slim http://www.loc.gov/standards/marcxml/schema/MARC21slim.xsd">
<leader>00925njm 22002777a 4500</leader>
<datafield tag="042" ind1=" " ind2=" ">
<subfield code="a">dc</subfield>
</datafield>
<datafield tag="720" ind1=" " ind2=" ">
<subfield code="a">Muñoz Rujas, Natalia</subfield>
<subfield code="e">author</subfield>
</datafield>
<datafield tag="720" ind1=" " ind2=" ">
<subfield code="a">Rubio Pérez, Gabriel</subfield>
<subfield code="e">author</subfield>
</datafield>
<datafield tag="720" ind1=" " ind2=" ">
<subfield code="a">Lifi, Mohamed</subfield>
<subfield code="e">author</subfield>
</datafield>
<datafield tag="720" ind1=" " ind2=" ">
<subfield code="a">Alaoui, Fatima E. M.</subfield>
<subfield code="e">author</subfield>
</datafield>
<datafield tag="720" ind1=" " ind2=" ">
<subfield code="a">Montero García, Eduardo</subfield>
<subfield code="e">author</subfield>
</datafield>
<datafield tag="260" ind1=" " ind2=" ">
<subfield code="c">2021</subfield>
</datafield>
<datafield tag="520" ind1=" " ind2=" ">
<subfield code="a">En muchas industrias se emplean fluidos en los procesos de producción. Estos fluidos, sean líquidos, gases o mezclas de ambos, se almacenan en depósitos y se transportan por conductos en las instalaciones industriales. El volumen que cada kilogramo de fluido ocupa en estas instalaciones puede variar si también lo hacen su presión y temperatura. Encontrar esta interdependencia entre presión, volumen y temperatura resulta crucial para dimensionar depósitos y conductos. Conocer la relación matemática que expresa la interdependencia física de estas tres propiedades es esencial en ingeniería. En este libro veremos de modo experimental la interdependencia que presentan las propiedades presión, volumen y temperatura en fluidos. Lo haremos a través un caso práctico. En este libro mostraremos: 1) la dependencia mutua de las variables de estado presión-volumen-temperatura (PVT) para el fluido contenido en un volumen variable al modificar la presión y la temperatura. 2 ) la distinción de las propiedades de un fluido en las diferentes zonas de operación. 3 ) la obtención de la curva de vaporización presión-temperatura (P-T) y el diagrama presión-volumen (P-V) de un fluido.</subfield>
</datafield>
<datafield tag="024" ind2=" " ind1="8">
<subfield code="a">978-84-18465-04-8</subfield>
</datafield>
<datafield tag="024" ind2=" " ind1="8">
<subfield code="a">http://hdl.handle.net/10259/6489</subfield>
</datafield>
<datafield tag="024" ind2=" " ind1="8">
<subfield code="a">10.36443/9788418465048</subfield>
</datafield>
<datafield ind1=" " ind2=" " tag="653">
<subfield code="a">Ingeniería</subfield>
</datafield>
<datafield ind1=" " ind2=" " tag="653">
<subfield code="a">Termodinámica</subfield>
</datafield>
<datafield ind1=" " ind2=" " tag="653">
<subfield code="a">Fluidos</subfield>
</datafield>
<datafield ind1=" " ind2=" " tag="653">
<subfield code="a">Ecuación de estado térmica</subfield>
</datafield>
<datafield tag="245" ind1="0" ind2="0">
<subfield code="a">Ingeniería termodinámica. Ecuación de estado térmica de fluidos mediante experimentación</subfield>
</datafield>
</record></metadata></record></GetRecord></OAI-PMH>